Southville International School and Colleges
Your cart is empty.
  • Cart
  • Lists
    Public lists Eva Luna New books Lux_list list_1
    Your lists Log in to create your own lists
  • Log in to your account
  • Your cookies
  • Search history
Southville International School and Colleges
  • Advanced search
  • Recent comments
  • Most popular
  • Libraries

Log in to your account

Log in with GOOGLE


If you do not have an external account, but do have a local account, you can still log in:

  1. Home
  2. MARC view: Hospital financial accounting /
Normal view MARC view ISBD view

Hospital financial accounting / (Record no. 22331)

[ view plain ]
MARC details
000 -LEADER
fixed length control field 00565nam a2200205 a 4500
005 - DATE AND TIME OF LATEST TRANSACTION
control field 20140310183402.0
008 - FIXED-LENGTH DATA ELEMENTS--GENERAL INFORMATION
fixed length control field 121121s19uu xx 00 eng d
020 ## - INTERNATIONAL STANDARD BOOK NUMBER
International Standard Book Number 9789381460047
050 ## - LIBRARY OF CONGRESS CALL NUMBER
Classification number HF 5686
Item number .P912 2012
100 ## - MAIN ENTRY--PERSONAL NAME
Personal name Pratap, Shikha
245 ## - TITLE STATEMENT
Title Hospital financial accounting /
Statement of responsibility, etc Shikha Pratap.
250 ## - EDITION STATEMENT
Edition statement 1st ed.
260 ## - PUBLICATION, DISTRIBUTION, ETC. (IMPRINT)
Place of publication, distribution, etc New Delhi, India :
Name of publisher, distributor, etc Centrum Press,
Date of publication, distribution, etc 2012.
300 ## - PHYSICAL DESCRIPTION
Extent 248 p. :
Dimensions 22 cm.
500 ## - GENERAL NOTE
General note Includes index
521 ## - TARGET AUDIENCE NOTE
Target audience note
650 ## - SUBJECT ADDED ENTRY--TOPICAL TERM
Topical term or geographic name as entry element Hospitality industry
General subdivision Accounting
942 ## - ADDED ENTRY ELEMENTS (KOHA)
Koha item type Books
Source of classification or shelving scheme Library of Congress Classification
Call number prefix Foreign
Holdings
Withdrawn status Lost status Source of classification or shelving scheme Damaged status Home library Current library Shelving location Date acquired Total Checkouts Full call number Barcode Date last seen Copy number Price effective from Koha item type
    Library of Congress Classification   College Library College Library Reserve Section 11/21/2012   HF 5686 .P912 2012 C16257 05/15/2018 1 03/10/2014 Books

Hospital financial accounting /

APA

Pratap S., . (2012). Hospital financial accounting. New Delhi, India: Centrum Press.

Chicago

Pratap Shikha, . 2012. Hospital financial accounting. New Delhi, India: Centrum Press.

Harvard

Pratap S., . (2012). Hospital financial accounting. New Delhi, India: Centrum Press.

MLA

Pratap Shikha, . Hospital financial accounting. New Delhi, India: Centrum Press. 2012.

  • Place hold
  • Print
  • Cite
  • Add to your cart (remove)
  • Save record
    BIBTEX Dublin Core MARCXML MARC (non-Unicode/MARC-8) MARC (Unicode/UTF-8) MARC (Unicode/UTF-8, Standard) MODS (XML) RIS
  • More searches
    Search for this title in:
    Other Libraries (WorldCat) Other Databases (Google Scholar) Online Stores (Bookfinder.com) Open Library (openlibrary.org)

Exporting to Dublin Core...

SOUTHVILLE LIBRARY

Southville International School and Colleges Library

1281 Tropical Ave. Cor. Luxembourg St., BF Homes International, Las Pinas City

Tel. No. 8256374 / 252358 Loc. 117/146

Powered by Koha